000 00421nam a2200145Ia 4500
008 100122s9999 xx 000 0 und d
082 _b40380
_a823
100 _aमेहता शशिकला
245 _aमनस्विनी
260 _bनवचैतन्य प्रकाशन
_c1987
300 _a203
630 _aमनस्विनी
730 _aमनस्विनी
942 _cBOOK
999 _c421268
_d421265